Представление документа в формате RUSMARC

ПолеНазваниеЗначение
  Тип записи a
  Библиографический уровень m
001 Контрольный номер LIBNET\0001470021
005 Дата корректировки 20260522145326.9
010 Индекс ISBN __
a ISBN 978-5-227-10762-6
b Уточнения в пер.
9 Тираж 2000 экз.
100 Данные общей обработки __
a Данные общей обработки 20260522d2024####u##y0rusy50 ca
101 Язык документа 0_
a Язык текста rus
102 Страна публикации __
a Страна публикации RU
105 Кодированные данные (монография) __
a Кодированные данные (монография) a###z###000yy
200 Заглавие и сведения об ответственности 1_
a Заглавие Натуропатия избыточного веса, диабета и атеросклероза
e Сведения, относящиеся к заглавию аюрведа, китайская медицина, нутрициология
f Первые сведения об ответственности Ян Раздобурдин
203 Вид содержания и тип средства __
a Вид содержания Текст
b Характеристика содержания визуальный
c Тип средства непосредственный
210 Выходные данные 1_
a Место издания Москва
c Издательство Центрполиграф
d Дата издания 2024
215 Физическое описание __
a Объем 350, [1] с.
c Иллюстрации/тип воспроизводства ил.
d Формат 21 см
320 Библиография __
a Библиография Библиогр.: с. 347
333 Примечание о целевом назначении __
a Примечание о целевом назначении 16+
517 Другие варианты заглавия 1_
a Другие варианты заглавия Аюрведа, китайская медицина, нутрициология
606 Тематические рубрики 1_
a Основная рубрика Вес тела
x Основная подрубрика Регулирование методами аюрведы
606 Тематические рубрики 1_
a Основная рубрика Метаболический синдром
606 Тематические рубрики 1_
a Основная рубрика Питание аюрведическое
606 Тематические рубрики 1_
a Основная рубрика Здоровье
x Основная подрубрика Влияние методов китайской медицины
606 Тематические рубрики 1_
a Основная рубрика Печень
x Основная подрубрика Болезни
x Основная подрубрика Жировой обмен
606 Тематические рубрики 1_
a Основная рубрика Сахарный диабет
x Основная подрубрика Терапия
x Основная подрубрика Китайской медицины методы
606 Тематические рубрики 1_
a Основная рубрика Атеросклероз
686 Индексы других классификаций __
a Классификационный индекс 53.59
2 Код системы rubbk
686 Индексы других классификаций __
a Классификационный индекс 51.230
2 Код системы rubbk
700 Автор _1
a Фамилия Раздобурдин
b Имя (инициалы) Я. Н.
g Полное личное имя Ян Николаевич
801 Источник записи _0
a Страна RU
b Организация Кемеровская ОНБ
c Дата составления 20250424
g Правила каталогизации bzbo
801 Источник записи _1
a Страна RU
b Организация Кемеровская ОНБ
c Дата составления 20250424
g Правила каталогизации rcr
2 Код формата rusmarc
801 Источник записи _2
a Страна RU
b Организация Ульяновская ОНБ
c Дата составления 20260522
g Правила каталогизации RCR
900 Электронные ресурсы __
a Имя электронного ресурса цп20260119
900 Электронные ресурсы __
a Имя электронного ресурса цп20260120
901 Тип документа __
t Тип документа m
909 Создатель записи __
a Создатель записи Егорова Э. А.
b Дата создания записи 20260522